Trhová ekonomika a zdravotníctvo - príspevok k hľadaniu funkčného modelu organizácie a financovania zdravotníctva dizertačná práca

Enregistré dans:
Détails bibliographiques
Auteur principal: Pechová, Michaela, 1977-
Collectivité auteur: Národohospodárska fakulta EU. Katedra sociálneho rozvoja a práce
Autres auteurs: Stanek, Vojtech
Format: Livre
Langue:slovaque
Publié: Bratislava 2009
Sujets:
Tags: Ajouter un tag
Pas de tags, Soyez le premier à ajouter un tag!

MARC

LEADER 00000nam$a2200000$$$4500
001 0109739
005 20230227085053.0
041 0 |a slo 
044 |a SK 
245 1 0 |a Trhová ekonomika a zdravotníctvo - príspevok k hľadaniu funkčného modelu organizácie a financovania zdravotníctva  |b dizertačná práca  |c Michaela Pechová ; škol. Vojtech Stanek 
264 1 |a Bratislava  |c 2009 
300 |a 224 s. 
610 2 0 |a zdravotníctvo 
610 2 0 |a starostlivosť zdravotná 
610 2 0 |a financovanie 
610 2 0 |a modely 
610 2 0 |a reformy 
100 1 |a Pechová, Michaela, 1977- 
700 1 |a Stanek, Vojtech 
710 2 |a Národohospodárska fakulta EU. Katedra sociálneho rozvoja a práce